Социальное развитие коллектива : (Record no. 121047)
[ view plain ]
| 000 -LEADER | |
|---|---|
| fixed length control field | 00958nam a2200217 u 4500 |
| 001 - CONTROL NUMBER | |
| control field | 000324668 |
| 003 - CONTROL NUMBER IDENTIFIER | |
| control field | AM-YeHGA |
| 005 - DATE AND TIME OF LATEST TRANSACTION | |
| control field | 20250617130623.0 |
| 008 - FIXED-LENGTH DATA ELEMENTS--GENERAL INFORMATION | |
| fixed length control field | 040407s1976 ||||||||||||||||||||rus d |
| 040 ## - CATALOGING SOURCE | |
| Original cataloging agency | AM-YeHGA |
| 041 0# - LANGUAGE CODE | |
| Language code of text/sound track or separate title | rus |
| 090 ## - LOCALLY ASSIGNED LC-TYPE CALL NUMBER (OCLC); LOCAL CALL NUMBER (RLIN) | |
| -- | 122400 |
| 100 1# - MAIN ENTRY--PERSONAL NAME | |
| Personal name | Иноземцева, Надежда Тихоновна |
| 245 10 - TITLE STATEMENT | |
| Title | Социальное развитие коллектива : |
| Remainder of title | Дальзавод в девятой пятилетке / |
| Statement of responsibility, etc. | Н.Т. Иноземцева, Ю.Н. Удовиченко ; Науч. ред. В.Г. Смольков ; Дальзавод им. 50-летия СССР. |
| 260 ## - PUBLICATION, DISTRIBUTION, ETC. | |
| Place of publication, distribution, etc. | Владивосток : |
| Name of publisher, distributor, etc. | Дальневост. кн. изд-во, |
| Date of publication, distribution, etc. | 1976. |
| 300 ## - PHYSICAL DESCRIPTION | |
| Extent | 157 с. |
| 650 14 - SUBJECT ADDED ENTRY--TOPICAL TERM | |
| Topical term or geographic name entry element | Экономика труда |
| 700 1# - ADDED ENTRY--PERSONAL NAME | |
| Personal name | Удовиченко, Юрий Николаевич |
| 700 1# - ADDED ENTRY--PERSONAL NAME | |
| Personal name | Смольков, В.Г. |
| Relator term | ред. |
| Relationship | edt |
| 710 0# - ADDED ENTRY--CORPORATE NAME | |
| Corporate name or jurisdiction name as entry element | Дальзавод им. 50-летия СССР |
| Withdrawn status | Lost status | Damaged status | Not for loan | Collection | Home library | Current library | Date acquired | Total checkouts | Full call number | Barcode | Date last seen | Price effective from | Koha item type | Public note |
|---|---|---|---|---|---|---|---|---|---|---|---|---|---|---|
| General | Fundamental Scientific Library | Fundamental Scientific Library | 22/12/2016 | РII/392752 | FL0391106 | 22/12/2016 | 22/12/2016 | Գրքեր / Books | 30 Days Loan |
ՀՀ Գիտությունների ազգային ակադեմիայի հիմնարար գիտական գրադարան = Fundamental Scientific Library of NAS RA
All site content, except where otherwise noted, is licensed under a